Miera uistenia pri jednotlivých druhoch zákaziek podľa štandardov IAASB diplomová práca

Gespeichert in:
Bibliographische Detailangaben
1. Verfasser: Bača, Maroš
Körperschaft: Fakulta hospodárskej informatiky EU. Katedra účtovníctva a audítorstva
Weitere Verfasser: Krišková, Petra, 1981-
Format: Buch
Sprache:Slowakisch
Veröffentlicht: Bratislava 2018
Tags: Tag hinzufügen
Keine Tags, Fügen Sie das erste Tag hinzu!

MARC

LEADER 00000nbm a2200000 4500
001 0243573
005 20181108090633.5
041 0 |a slo 
044 |a SK 
245 1 0 |a Miera uistenia pri jednotlivých druhoch zákaziek podľa štandardov IAASB  |b diplomová práca  |c Maroš Bača ; školiteľ: Petra Krišková 
264 1 |a Bratislava  |c 2018 
300 |a 74 s. 
100 1 |a Bača, Maroš 
700 1 |a Krišková, Petra, 1981- 
710 2 |a Fakulta hospodárskej informatiky EU. Katedra účtovníctva a audítorstva